000 01052cam a2200277 a 4500
001 600333
003 ARRUPE
005 20131203173301.0
008 911223s1993 nyu b 001 0 eng
010 _a 91048108
020 _a0195076990 (alk. paper)
040 _aDLC
_cDLC
_dDLC
050 0 0 _aBD161
_b.F58 1992
082 0 0 _a121
_220
100 1 _aFoley, Richard,
_d1947-
_94893
245 1 0 _aWorking without a net :
_ba study of egocentric epistemology /
_cRichard Foley.
260 _aNew York :
_bOxford University Press,
_c1993.
300 _ax, 214 p. ;
_c24 cm.
504 _aIncludes bibliographical references and index.
600 1 0 _aDescartes, René,
_d1596-1650.
_94894
650 0 _aKnowledge, Theory of.
_94895
856 4 2 _3Publisher description
_uhttp://www.loc.gov/catdir/enhancements/fy0605/91048108-d.html
906 _a7
_bcbc
_corignew
_d1
_eocip
_f19
_gy-gencatlg
942 _2lcc
_cMONOGRAPH
999 _c119008
_d119008